000 00697nam a2200205 a 4500
001 12966
003 BD-JhCC
005 20230607091607.0
008 230607s2019 b |||| |||| 000 0 b d
035 _a(BD-JhCC)12966
040 _aBD-JhCC
_dBD-JhCC
041 _aben
082 _a891.4415
_bISL 2019
100 _aইসলাম, মোহাম্মদ নজরুল
245 _aমানুষ মানুষের জন্য /
_cমোহাম্মদ নজরুল ইসলাম
260 _aঢাকা :
_bডিজি প্রিন্টার্স,
_c২০১৯
300 _a৯৩ পৃ. :
_c২১ সেমি.
650 _aBengali Poem
942 _2ddc
_cBK
999 _c12966
_d12966